Air Tahiti Destinations on a Map - Statistics

General Stats
  • This quiz has been taken 709 times
  • The average score is 7 of 31
Answers on the Map
Answers color-coded by a green-red scale on the quiz's map according to % correct below.
 
Answer Stats
Destinations % Correct
Tokyo
97%
Los Angeles
96%
Auckland
95%
Paris
95%
Tahiti
76%
Bora Bora
38%
Moorea
17%
Rarotonga
17%
Raiatea
13%
Huahine
12%
Nuku Hiva
11%
Rangiroa
11%
Hiva Oa
10%
Fakarava
9%
Maupiti
9%
Hao
8%
Makemo
8%
Manihi
8%
Rurutu
8%
Tikehau
8%
Tubuai
8%
Ahe
7%
Arutua
7%
Mataiva
7%
Raivavae
7%
Rimatara
7%
Takaroa
7%
Ua Huka
7%
Ua Pou
7%
Mangareva
6%
Takapoto
6%
No matching quizzes found
Score Distribution
Percent of People with Each Score
Percentile by Number Answered
Your Score History
You have not taken this quiz